The Pro Football Hall of Fame 50th anniversary book : (Record no. 1399)

MARC details
000 -LEADER
fixed length control field 01147cam a2200301 a 4500
005 - DATE AND TIME OF LATEST TRANSACTION
control field 20260322212058.0
008 - FIXED-LENGTH DATA ELEMENTS--GENERAL INFORMATION
fixed length control field data
010 ## - LIBRARY OF CONGRESS CONTROL NUMBER
LC control number 2011041519
020 ## - INTERNATIONAL STANDARD BOOK NUMBER
International Standard Book Number 9780446583961
040 ## - CATALOGING SOURCE
Original cataloging agency DLC
Transcribing agency DLC
043 ## - GEOGRAPHIC AREA CODE
Geographic area code n-us-oh
-- n-us-oh
050 00 - LIBRARY OF CONGRESS CALL NUMBER
Classification number GV959.5
Item number .P76 2012
082 00 - DEWEY DECIMAL CLASSIFICATION NUMBER
Classification number 796.332/64
Edition information 23
092 ## - LOCALLY ASSIGNED DEWEY CALL NUMBER (OCLC)
Classification number 796.33 Pro 2012
001 - CONTROL NUMBER
control field data
245 04 - TITLE STATEMENT
Title The Pro Football Hall of Fame 50th anniversary book :
Remainder of title where greatness lives /
Statement of responsibility, etc. edited by John Thorn & Joe Horrigan.
260 ## - PUBLICATION, DISTRIBUTION, ETC.
Place of publication, distribution, etc. New York :
Name of publisher, distributor, etc. Grand Central Pub.,
Date of publication, distribution, etc. c2012.
300 ## - PHYSICAL DESCRIPTION
Extent xix, 295 p. :
Other physical details col. ill. ;
Dimensions 29 cm.
500 ## - GENERAL NOTE
General note Includes index.
610 20 - SUBJECT ADDED ENTRY--CORPORATE NAME
Corporate name or jurisdiction name as entry element Pro Football Hall of Fame (U.S.)
650 #0 - SUBJECT ADDED ENTRY--TOPICAL TERM
Topical term or geographic name entry element Football
Geographic subdivision United States
General subdivision History.
650 #0 - SUBJECT ADDED ENTRY--TOPICAL TERM
Topical term or geographic name entry element Football players
Geographic subdivision United States
Form subdivision Biography.
700 1# - ADDED ENTRY--PERSONAL NAME
Personal name Thorn, John,
Dates associated with a name 1947-
700 1# - ADDED ENTRY--PERSONAL NAME
Personal name Horrigan, Joe.
906 ## - LOCAL DATA ELEMENT F, LDF (RLIN)
a 7
b cbc
c orignew
d 1
e ecip
f 20
g y-gencatlg
925 0# -
-- acquire
-- 2 shelf copies
-- policy default
-- claim1 2012-11-27
955 ## - COPY-LEVEL INFORMATION (RLIN)
-- re12 2011-10-20 telework to Dewey
-- rd62 2011-10-20 (Dewey) to CIP
-- xj04 2013-04-08 to CALM
Holdings
Withdrawn status Lost status Damaged status Not for loan Home library Current library Shelving location Date acquired Total checkouts Full call number Barcode Date last seen Price effective from Koha item type
        Fairview Fairview General stacks 22/03/2026   796.332/64 23 BC0011446 22/03/2026 22/03/2026 Books